SensCritique : Top 100 Films - Statistiques

Statistiques générales
  • Ce quiz a été pris 502 fois
  • Le résultat moyen est 35 sur 100
Statistiques - réponses
Hint Réponse % Correct
5 Coppola Le Parrain
82%
2 Tarantino Pulp Fiction
82%
3 Nolan Interstellar
80%
10 Nolan Inception
77%
1 Fincher Fight Club
76%
63 Cameron Titanic
76%
55 Lucas Star Wars, épisode IV : Un nouvel espoir
69%
44 Tarantino Kill Bill : Volume 1
65%
27 Kubrick Shining
63%
7 Zemeckis Forrest Gump
61%
11 Nolan The Dark Knight
61%
4 Kubrick 2001 : L'Odyssée de l'espace
58%
37 Tarantino Django Unchained
58%
29 Fincher Seven
58%
9 Leone Le Bon, la Brute et le Truand
57%
20 Miyazaki Le Voyage de Chihiro
56%
14 Kubrick Orange mécanique
56%
26 Scott Gladiator
54%
61 Coppola Le Parrain : 2e partie
51%
34 Scott Alien, le huitième passager
50%
13 Coppola Apocalypse Now
49%
30 Scorsese Les Affranchis
49%
8 Jackson Le Seigneur des anneaux : Le Retour du roi
49%
16 Miyazaki Princesse Mononoké
49%
88 Hitchcock Psychose
49%
42 Spielberg Jurassic Park
48%
43 Tarantino Reservoir Dogs
47%
23 Zemeckis Retour vers le futur
47%
52 Chazelle La La Land
46%
36 Darabont La Ligne verte
46%
32 Darabont Les Évadés
46%
12 Jackson Le Seigneur des anneaux : La Communauté de l'anneau
45%
41 Jackson Le Seigneur des anneaux : Les Deux Tours
45%
28 Leone Il était une fois dans l'Ouest
44%
57 Tarantino Inglourious Basterds
44%
99 Kassovitz La Haine
44%
85 Besson Léon
44%
19 Wachowski / Wachowski Matrix
43%
69 Nolan Memento
43%
54 Spielberg La Liste de Schindler
40%
46 Scorsese Taxi Driver
40%
58 Burton Edward aux mains d'argent
39%
24 Leone Il était une fois en Amérique
39%
73 Miyazaki Le Château ambulant
39%
39 Scorsese Shutter Island
38%
91 Kubrick Full Metal Jacket
36%
59 Benigni La vie est belle
36%
17 Lynch Mulholland Drive
35%
21 Lumet 12 hommes en colère
34%
72 Chazelle Whiplash
34%
6 Scott Blade Runner
33%
25 Forman Vol au-dessus d'un nid de coucou
33%
94 Besson Le Cinquième Élément
31%
71 Nolan Le Prestige
31%
18 Park Old Boy
31%
78 Hitchcock Sueurs froides
31%
15 Gondry Eternal Sunshine of the Spotless Mind
29%
53 Jeunet Le Fabuleux Destin d'Amélie Poulain
29%
76 Eastwood Gran Torino
28%
48 Aronofsky Requiem for a Dream
27%
38 Kubrick Barry Lyndon
26%
65 Takahata Le Tombeau des lucioles
26%
45 Dolan Mommy
26%
33 Refn Drive
25%
89 Mann Heat
24%
35 Coen / Coen The Big Lebowski
24%
77 Anderson The Grand Budapest Hotel
24%
40 Mendes American Beauty
23%
98 Aronofsky Black Swan
23%
62 Ritchie Snatch
22%
90 Cameron Terminator 2 : Le Jugement dernier
22%
86 Demme Le Silence des agneaux
21%
49 Singer Usual Suspects
21%
50 Gilliam Brazil
17%
22 Kershner Star Wars, épisode V : L'Empire contre-attaque
17%
74 Cimino Voyage au bout de l'enfer
17%
31 Penn Into the Wild
16%
79 Kurosawa Les Sept Samouraïs
16%
87 Carpenter The Thing
16%
80 Miller Mad Max: Fury Road
15%
60 Weir The Truman Show
15%
96 Malick La Ligne rouge
14%
82 Weir Le Cercle des poètes disparus
14%
64 Coppola Lost in Translation
14%
93 Bong Memories of Murder
14%
92 Boyle Trainspotting
14%
68 Burton Big Fish
13%
84 Allers / Minkoff Le Roi Lion
13%
75 Tarkovski Stalker
13%
51 Kaye American History X
12%
66 Jonze Her
11%
100 Gilliam L'Armée des 12 singes
11%
81 Gilliam / Jones Monty Python : Sacré Graal !
11%
95 Wong In the Mood for Love
9%
47 Kelly Donnie Darko
7%
83 Berbérian La Cité de la peur
7%
56 McTeigue V pour Vendetta
6%
97 Wachowski / Wachowski / Tykwer Cloud Atlas
5%
67 Niccol Bienvenue à Gattaca
4%
70 van Dormael Mr. Nobody
4%
Aucun quiz correspondant
Distribution des résultats
% des personnes avec chaque résultat
Percentile par nombre de réponses
Votre historique - résultats
Vous n’avez pas pris ce quiz